Гидрохимическая и гидробиологическая характеристика и районирование прибрежной части Балтийского моря, Рижского и Финского заливов / (Record no. 25240)
[ view plain ]
| 000 -LEADER | |
|---|---|
| fixed length control field | 01352nam a2200289 a 4500 |
| 001 - CONTROL NUMBER | |
| control field | 000081703 |
| 003 - CONTROL NUMBER IDENTIFIER | |
| control field | AM-YEHGA |
| 005 - DATE AND TIME OF LATEST TRANSACTION | |
| control field | 20250617121854.0 |
| 008 - FIXED-LENGTH DATA ELEMENTS--GENERAL INFORMATION | |
| fixed length control field | 970708s1987 lvr||||| |||| 00| 0 rus d |
| 020 ## - INTERNATIONAL STANDARD BOOK NUMBER | |
| Terms of availability | |
| 040 ## - CATALOGING SOURCE | |
| Original cataloging agency | AM-YeHGA |
| 041 0# - LANGUAGE CODE | |
| Language code of text/sound track or separate title | rus |
| 090 ## - LOCALLY ASSIGNED LC-TYPE CALL NUMBER (OCLC); LOCAL CALL NUMBER (RLIN) | |
| -- | 25538 |
| 245 00 - TITLE STATEMENT | |
| Title | Гидрохимическая и гидробиологическая характеристика и районирование прибрежной части Балтийского моря, Рижского и Финского заливов / |
| Statement of responsibility, etc. | В. Берзинь, У. Я. Ботва, Р. С. Филманович, и др. ; Г. П. Андрушайтис ; АН ЛатвССР. Ин-т биологии. |
| 260 ## - PUBLICATION, DISTRIBUTION, ETC. | |
| Place of publication, distribution, etc. | Рига : |
| Name of publisher, distributor, etc. | Зинатне, |
| Date of publication, distribution, etc. | 1987. |
| 300 ## - PHYSICAL DESCRIPTION | |
| Extent | 206 с. : |
| Other physical details | ил. ; |
| Dimensions | 22 см. |
| 440 #0 - SERIES STATEMENT/ADDED ENTRY--TITLE | |
| Title | Сер. "Биология Балтийского моря" |
| 520 ## - SUMMARY, ETC. | |
| Summary, etc. | Библиогр. с. 189-197 (90 назв.) |
| 650 14 - SUBJECT ADDED ENTRY--TOPICAL TERM | |
| Topical term or geographic name entry element | Балтийское море - Гидробиология |
| 650 14 - SUBJECT ADDED ENTRY--TOPICAL TERM | |
| Topical term or geographic name entry element | Балтийское море - Гидрохимия |
| 700 10 - ADDED ENTRY--PERSONAL NAME | |
| Personal name | Берзинь, Виестур |
| 700 1# - ADDED ENTRY--PERSONAL NAME | |
| Personal name | Ботва, У. Я. |
| 700 1# - ADDED ENTRY--PERSONAL NAME | |
| Personal name | Филманович, У. Я. |
| 700 1# - ADDED ENTRY--PERSONAL NAME | |
| Personal name | Андрушайтис, Г. П. |
| Relator term | ред. |
| Relationship | edt |
| 710 2# - ADDED ENTRY--CORPORATE NAME | |
| Corporate name or jurisdiction name as entry element | Институт биологии АН ЛатвССР |
| 942 ## - ADDED ENTRY ELEMENTS (KOHA) | |
| Source of classification or shelving scheme | Universal Decimal Classification |
| Koha item type | Գրքեր / Books |
| Withdrawn status | Lost status | Source of classification or shelving scheme | Damaged status | Not for loan | Collection | Home library | Current library | Date acquired | Total checkouts | Full call number | Barcode | Date last seen | Price effective from | Koha item type | Public note |
|---|---|---|---|---|---|---|---|---|---|---|---|---|---|---|---|
| Universal Decimal Classification | General | Fundamental Scientific Library | Fundamental Scientific Library | 21/12/2016 | PII/578424 | FL0094309 | 21/12/2016 | 21/12/2016 | Գրքեր / Books | 30 Days Loan |
ՀՀ Գիտությունների ազգային ակադեմիայի հիմնարար գիտական գրադարան = Fundamental Scientific Library of NAS RA
All site content, except where otherwise noted, is licensed under a